000 00528 a2200205 4500
001 74683
005 20260427160732.0
010 _a978-989-671-969-2
090 _a74683
100 _a20250805 pory50
101 _apor
102 _aPT
200 _aTerreno
_fDuarte Scott
_gcoord. Pedro Mexia
210 _aLisboa
_cTinta da China
_d2025
215 _a91, [5] p.
675 _a821.134.3-1"20"
_vBN
_zpor
700 1 _aScott
_bDuarte
_954084
702 _aMexia
_bPedro
_f1972-
_4340
_931730
801 _aPT
_bBN
_gRPC
942 _cMON
_n0